000 01505nam a2200301Ia 4500
003 PE SENCICO BE
005 20251020182440.0
008 200515s9999 xx 000 0 und d
020 _a84-95279-48-7
040 _aPE SENCICO BE
_cPE SENCICO BE
041 _aspa
082 _a526.9
_bC27
100 1 _aCarpio Hernández, Juan Pedro
_93288
_eautor
245 1 0 _aRedes topométricas /
_cJuan Pedro Carpio Hernández
250 _a1a ed.
260 _aMadrid :
_bBellisco Ediciones Técnicas y Científicas,
_c2001
300 _a418 páginas :
_bilustraciones, tablas, gráficos ;
_c24 cm.
490 _aBiblioteca Técnica Universitaria ;
_v7
504 _aBibliografía: p. [421]-422
505 0 _aRadiación -- Poligonal -- Intersección directa -- Intersección inversa -- Nivelación trigonométrica -- Sistema de posicionamiento global (GPS) -- Teoría de errores: mínimos cuadrados -- Triangulación -- Red primaria planimétrica -- Red primaria planimétrica -- Redes de orden inferior -- Redes altimétricas -- Compensación de redes altimétricas por MMCC -- Relieve, formas fundamentales -- Estudio general de errores -- Red de puntos de apoyo -- Control de cartografía y obra civil -- Topometría urbana -- Cartografía. Software topográfico
650 1 0 _aTopografía
_94
650 2 0 _aGeomática
_91071
650 2 0 _aRedes topométricas
_93289
650 2 0 _aSistema de Posicionamiento Global
_93280
650 2 0 _aGPS
_9911
650 2 0 _aCartografía
_91
942 _cLIB
_2ddc
999 _c526
_d526